| 000 | 00688nam a2200229Ia 4500 | ||
|---|---|---|---|
| 001 | 3144 | ||
| 003 | GE_BSU | ||
| 008 | 181216s||||||||xx |||||||||||||| ||und|| | ||
| 020 | _a0070177813 | ||
| 040 | _cGE_BSU | ||
| 080 | _a330.1(075.8) | ||
| 100 | _aФишер, Стенали; Рудигер Дорнбуш, Ричард Шмалензи; | ||
| 245 | _aЭкономика=Economics | ||
| 245 | _cПер. с Анг. Общая ред. и предисловие: Г.Г. Сапова. | ||
| 260 | _aМосква | ||
| 260 | _bДело | ||
| 260 | _c1998 | ||
| 300 | _a864 ст. 26 см. | ||
| 541 | _h32 Л. 95 Т. | ||
| 653 | _aЭкономика=Economics | ||
| 942 | _cBK | ||
| 999 |
_c37188 _d37188 |
||